Southville International School and Colleges
Your cart is empty.
  • Cart
  • Lists
    Public lists list_1 View all
    Your lists Log in to create your own lists
  • Log in to your account
  • Your cookies
  • Search history
Southville International School and Colleges
  • Advanced search
  • Recent comments
  • Most popular
  • Libraries

Log in to your account

Log in with GOOGLE


If you do not have an external account, but do have a local account, you can still log in:

  1. Home
  2. MARC view: Rising with the Filipino:
Normal view MARC view ISBD view

Rising with the Filipino: (Record no. 364731)

[ view plain ]
MARC details
000 -LEADER
fixed length control field 00641nam a22001817a 4500
003 - CONTROL NUMBER IDENTIFIER
control field 1
005 - DATE AND TIME OF LATEST TRANSACTION
control field 20250429175405.0
008 - FIXED-LENGTH DATA ELEMENTS--GENERAL INFORMATION
fixed length control field 220513b xxu||||| |||| 00| 0 eng d
020 ## - INTERNATIONAL STANDARD BOOK NUMBER
International Standard Book Number 978-621-95260-0-6
050 ## - LIBRARY OF CONGRESS CALL NUMBER
Classification number PL6051
Item number .D45 2021
100 ## - MAIN ENTRY--PERSONAL NAME
Personal name De la Torre, Visitacion R.
245 ## - TITLE STATEMENT
Title Rising with the Filipino:
Remainder of title a collection of essays on Philippine history,culture,arts and lifestyle/
Statement of responsibility, etc Visitacion R. de la Torre.
260 ## - PUBLICATION, DISTRIBUTION, ETC. (IMPRINT)
Place of publication, distribution, etc Makati:
Name of publisher, distributor, etc Brown Movement for Cultural Advancement,Inc
Date of publication, distribution, etc c2021
300 ## - PHYSICAL DESCRIPTION
Extent 307 pp.
Other physical details colored:
Dimensions 30 cm
500 ## - GENERAL NOTE
General note Philippine-literature-essays.
500 ## - GENERAL NOTE
General note Philippine-literature-history
942 ## - ADDED ENTRY ELEMENTS (KOHA)
Source of classification or shelving scheme Library of Congress Classification
Koha item type Books
Holdings
Withdrawn status Lost status Source of classification or shelving scheme Damaged status Home library Current library Shelving location Date acquired Source of acquisition Total Checkouts Full call number Barcode Date last seen Price effective from Koha item type
    Library of Congress Classification   College Library College Library Filipiniana Section 05/13/2022 Library Fund   PL6051 .D45 2021 C22723 05/13/2022 05/13/2022 Books
    Library of Congress Classification   Luxembourg Library Luxembourg Library Filipiniana Section 05/13/2022 Library Fund   PL6051 .D45 2021 21008 05/13/2022 05/13/2022 Books

Rising with the Filipino:

APA

De la Torre V. R., . (2021). Rising with the Filipino. Makati: Brown Movement for Cultural Advancement,Inc.

Chicago

De la Torre Visitacion R, . 2021. Rising with the Filipino. Makati: Brown Movement for Cultural Advancement,Inc.

Harvard

De la Torre V. R., . (2021). Rising with the Filipino. Makati: Brown Movement for Cultural Advancement,Inc.

MLA

De la Torre Visitacion R, . Rising with the Filipino. Makati: Brown Movement for Cultural Advancement,Inc. 2021.

  • Place hold
  • Print
  • Cite
  • Add to your cart (remove)
  • Save record
    BIBTEX Dublin Core MARCXML MARC (non-Unicode/MARC-8) MARC (Unicode/UTF-8) MARC (Unicode/UTF-8, Standard) MODS (XML) RIS
  • More searches
    Search for this title in:
    Other Libraries (WorldCat) Other Databases (Google Scholar) Online Stores (Bookfinder.com) Open Library (openlibrary.org)

Exporting to Dublin Core...

SOUTHVILLE LIBRARY

Southville International School and Colleges Library

1281 Tropical Ave. Cor. Luxembourg St., BF Homes International, Las Pinas City

Tel. No. 8256374 / 252358 Loc. 117/146

Powered by Koha